Statistics for 日本本土历史分期

Click here to take the quiz!

General Stats

  • This quiz has been taken 93 times
  • The average score is 9 of 16

Answer Stats

时间历史时期% Correct
2019年至今令和时代
84%
1989 - 2019平成时代
82%
1926 - 1989昭和时代
81%
1868 - 1912明治时代
78%
1912 - 1926大正时代
75%
1603 - 1868江户时代
69%
1185 - 1333镰仓时代
61%
约1.3万年前 - 约300BC绳文时代
60%
794 - 1185平安时代
54%
1568 - 1603安土桃山时代
51%
592 - 710飞鸟时代
45%
710 - 794奈良时代
43%
1333 - 1392南北朝时代
42%
1336 - 1573室町时代
42%
约300BC - 250AD弥生时代
40%
250 - 592古坟时代
40%

Score Distribution

Percentile by Number Answered

Percent of People with Each Score

Your Score History

You have not taken this quiz